Vista normal Vista MARC

Entrada Nombre personal

Número de registros utilizados en: 4

001 - NÚMERO DE CONTROL

  • campo de control: 959

003 - IDENTIFICADOR DE NÚMERO DE CONTROL

  • campo de control: PE-LiUPU

005 - FECHA Y HORA DE LA ÚLTIMA TRANSACCIÓN

  • campo de control: 20230310102650.0

008 - ELEMENTOS DE DATO DE LONGITUD-FIJA

  • campo de control de longitud fija: 230310|| aca||aabn | a|a d

040 ## - FUENTE DE CATALOGACIÓN

  • Centro catalogador/agencia de origen: PE-LiUPU

100 ## - ENCABEZAMIENTO-NOMBRE DE PERSONA

  • Nombre de persona: White, Elena G. de
  • Fechas asociadas al nombre: 1848-1915
  • Subdivisión de forma: Diccionario
  • Subdivisión general: Psicologia
  • Subdivisión cronológica: 1900-1913
  • Subdivisión geográfica: Australia